MANUAL OF CLINICAL CASESIN EAR, NOSE AND THROAT (Record no. 29005)
[ view plain ]
| 000 -LEADER | |
|---|---|
| fixed length control field | 00412nam a22001697a 4500 |
| 003 - CONTROL NUMBER IDENTIFIER | |
| control field | SGT |
| 020 ## - INTERNATIONAL STANDARD BOOK NUMBER | |
| International Standard Book Number | 9788131263877 |
| 082 ## - DEWEY DECIMAL CLASSIFICATION NUMBER | |
| Classification number | 617.51 |
| Item number | M24D |
| 100 ## - MAIN ENTRY--PERSONAL NAME | |
| Personal name | DHINGRA, PL. |
| 245 ## - TITLE STATEMENT | |
| Title | MANUAL OF CLINICAL CASESIN EAR, NOSE AND THROAT |
| 250 ## - EDITION STATEMENT | |
| Edition statement | 2ND |
| 260 ## - PUBLICATION, DISTRIBUTION, ETC. (IMPRINT) | |
| Place of publication, distribution, etc | NEW DELHI |
| Name of publisher, distributor, etc | ELSEVIER |
| Year of Publication | 2024 |
| 300 ## - PAGE DESCRIPTION | |
| No. of Pages | 181 |
| 650 ## - SUBJECT ADDED ENTRY--TOPICAL TERM | |
| Topical term or geographic name as entry element | ENT |
| 653 ## - KEYWORDS--INDEX TERM | |
| Keyword term | MANUAL , CLINICAL, CASESIN, EAR, NOSE , THROAT |
| 942 ## - ADDED ENTRY ELEMENTS (KOHA) | |
| Source of classification or shelving scheme | Dewey Decimal Classification |
| Koha item type | Books |
| Withdrawn status | Lost status | Source of classification or shelving scheme | Damaged status | Use restrictions | Not for loan | Collection code | Home library | Current library | Shelving location | Date acquired | Vendor Name | Cost, normal purchase price | SGTU | Bill Number | Full call number | Accession No. (Barcode) | Date last seen | Bill Date | Koha item type | Total Checkouts |
|---|---|---|---|---|---|---|---|---|---|---|---|---|---|---|---|---|---|---|---|---|
| Dewey Decimal Classification | Restricted Access | AYURVEDA | SGT FA-FP Library | SGT FA-FP Library | Reference Book | 15/01/2025 | AHUJA PUB. | 1855.00 | SGTU | 19920 | 617.51 M24D | FA12483 | 15/01/2025 | 21/11/2024 | Books | |||||
| Dewey Decimal Classification | AYURVEDA | SGT FA-FP Library | SGT FA-FP Library | Text Book | 15/01/2025 | AHUJA PUB. | 1855.00 | SGTU | 19920 | 617.51 M24D | FA12484 | 15/01/2025 | 21/11/2024 | Books | ||||||
| Dewey Decimal Classification | AYURVEDA | SGT FA-FP Library | SGT FA-FP Library | Text Book | 15/01/2025 | AHUJA PUB. | 1855.00 | SGTU | 19920 | 617.51 M24D | FA12485 | 15/01/2025 | 21/11/2024 | Books | ||||||
| Dewey Decimal Classification | AYURVEDA | SGT FA-FP Library | SGT FA-FP Library | Text Book | 15/01/2025 | AHUJA PUB. | 1855.00 | SGTU | 19920 | 617.51 M24D | FA12486 | 15/01/2025 | 21/11/2024 | Books | ||||||
| Dewey Decimal Classification | AYURVEDA | SGT FA-FP Library | SGT FA-FP Library | Text Book | 15/01/2025 | AHUJA PUB. | 1855.00 | SGTU | 19920 | 617.51 M24D | FA12487 | 15/01/2025 | 21/11/2024 | Books | ||||||
| Dewey Decimal Classification | AYURVEDA | SGT FA-FP Library | SGT FA-FP Library | Text Book | 15/01/2025 | AHUJA PUB. | 1855.00 | SGTU | 19920 | 617.51 M24D | FA12488 | 15/01/2025 | 21/11/2024 | Books | ||||||
| Dewey Decimal Classification | AYURVEDA | SGT FA-FP Library | SGT FA-FP Library | Text Book | 15/01/2025 | AHUJA PUB. | 1855.00 | SGTU | 19920 | 617.51 M24D | FA12489 | 15/01/2025 | 21/11/2024 | Books |